| 000 | 00453nam a2200193 i 4500 | ||
|---|---|---|---|
| 001 | bgj | ||
| 100 | 1 |
_aWEBER, Joe _d(1945- ). |
|
| 245 | 1 | 0 |
_aDefcon one / _cJoe Weber. |
| 260 |
_aNew York : _bJove Books, _c1990. |
||
| 300 |
_a334 pp ; _c18 cm. |
||
| 651 | 9 | _aUnited States | |
| 655 | _aFiction | ||
| 020 | _a0515104191 | ||
| 040 | _cBPK | ||
| 041 | 0 | _aeng | |
| 920 | _a0-515-10419-1 | ||
| 942 | _cKS | ||
| 008 | s uk f |000 0 eng | ||
| 999 |
_c48530 _d48530 |
||
| 856 |
_uhttp://koha.tu.koszalin.pl/cgi-bin/koha/opac-detail.pl?biblionumber=48530 _yKatalog online BPK |
||